[Event "Hillerod 100th Ann (Women)"]
[Site "Hillerod"]
[Date "2020.02.11"]
[Round "5"]
[White "Stanford, Sheila Barth"]
[Black "Guindy, Esmat Susanne"]
[Result "1-0"]
[WhiteElo "2145"]
[BlackElo "2143"]
[PlyCount "101"]
[EventDate "2020.02.08"]
[EventType "tourn"]
[EventRounds "9"]
[EventCountry "DEN"]
[SourceTitle "CBM 194 Extra"]
[Source "ChessBase"]
[SourceDate "2020.03.31"]
[SourceVersion "1"]
[SourceVersionDate "2020.03.31"]
[SourceQuality "1"]

1. e4 e6 2. Nf3 d5 3. e5 c5 4. b4 cxb4 5. a3 Qa5 6. d4 Nc6 7. Bd3 Nh6 8. 0-0 Nf5 9. Bb2 Be7 10. axb4 Qxb4 11. Ba3 Qb6 12. c3 Bd7 13. g4 Nh6 14. h3 Rc8 15. Re1 a6 16. Nbd2 0-0 17. Nb3 Bxa3 18. Rxa3 Na7 19. Nc5 Rxc5 20. dxc5 Qxc5 21. Qa1 f6 22. Ra2 Bb5 23. Qb1 Bxd3 24. Qxd3 Nb5 25. Nd4 Qxc3 26. Qxc3 Nxc3 27. Rc2 Ne4 28. Nxe6 Re8 29. Nc7 Rc8 30. e6 Nd6 31. Rcc1 d4 32. Red1 Kf8 33. Rxd4 Ke7 34. Rcd1 Rxc7 35. Rxd6 Rc4 36. Rb6 Rc7 37. f4 g6 38. Rd7+ Rxd7 39. exd7 Kxd7 40. Rxb7+ Ke6 41. Rb6+ Kf7 42. Rxa6 Kg7 43. Kf2 Nf7 44. Ra7 Kg8 45. Kf3 f5 46. gxf5 gxf5 47. Ra5 Nh6 48. Kg3 Kg7 49. Kh4 Kg6 50. Ra6+ Kg7 51. Kg5 1-0

[Event "Hillerod 100th Ann (Women)"]
[Site "Hillerod"]
[Date "2020.02.10"]
[Round "4"]
[White "Nastase, Andreea Cristina"]
[Black "Stanford, Sheila Barth"]
[Result "1/2-1/2"]
[WhiteElo "2091"]
[BlackElo "2145"]
[PlyCount "112"]
[EventDate "2020.02.08"]
[EventType "tourn"]
[EventRounds "9"]
[EventCountry "DEN"]
[SourceTitle "CBM 194 Extra"]
[Source "ChessBase"]
[SourceDate "2020.03.31"]
[SourceVersion "1"]
[SourceVersionDate "2020.03.31"]
[SourceQuality "1"]

1. d4 Nf6 2. c4 g6 3. Nc3 d5 4. cxd5 Nxd5 5. e4 Nxc3 6. bxc3 Bg7 7. Be3 c5 8. Nf3 Qa5 9. Qd2 0-0 10. Rc1 Rd8 11. d5 e6 12. c4 Qxd2+ 13. Nxd2 b6 14. Nb1 f5 15. Bd3 Nd7 16. f3 Ne5 17. Be2 fxe4 18. fxe4 Rf8 19. Nd2 Ba6 20. Bf2 Bh6 21. Bg3 Bf4 22. Bxf4 Rxf4 23. Rf1 Rh4 24. h3 exd5 25. exd5 Re8 26. Kf2 Rd4 27. Rc2 h5 28. Kg1 Kg7 29. Nf3 Nxf3+ 30. Rxf3 Bc8 31. Ra3 Re7 32. Bf1 Rd1 33. Rf2 Bf5 34. Rf4 Kh6 35. Raf3 Kg5 36. Rf2 Ree1 37. Kh2 Rc1 38. R4f3 Red1 39. g3 Ra1 40. Rf4 Bb1 41. g4 h4 42. Rf7 Rxa2 43. Rxa2 Bxa2 44. Rxa7 Bb1 45. Rf7 Rd2+ 46. Kg1 Be4 47. Rf8 Bd3 48. Bxd3 Rxd3 49. Kg2 Rd4 50. Rb8 Rxc4 51. Rxb6 Rd4 52. Rd6 c4 53. Rc6 Rxd5 54. Rxc4 Rd2+ 55. Kg1 Re2 56. Rb4 Rc2 1/2-1/2

[Event "Hillerod 100th Ann (Women)"]
[Site "Hillerod"]
[Date "2020.02.09"]
[Round "2"]
[White "Kakulidis, Ellen"]
[Black "Stanford, Sheila Barth"]
[Result "1/2-1/2"]
[WhiteElo "2052"]
[BlackElo "2145"]
[PlyCount "56"]
[EventDate "2020.02.08"]
[EventType "tourn"]
[EventRounds "9"]
[EventCountry "DEN"]
[SourceTitle "CBM 194 Extra"]
[Source "ChessBase"]
[SourceDate "2020.03.31"]
[SourceVersion "1"]
[SourceVersionDate "2020.03.31"]
[SourceQuality "1"]

1. d4 Nf6 2. Nf3 d5 3. c4 e6 4. g3 dxc4 5. Qa4+ Bd7 6. Qxc4 Bc6 7. Bg2 a6 8. 0-0 Be7 9. Qd3 0-0 10. Nc3 b5 11. Ne5 Bxg2 12. Kxg2 c5 13. dxc5 Bxc5 14. Qf3 Nbd7 15. Nxd7 Nxd7 16. Rd1 Qe7 17. Ne4 Ba7 18. Bf4 f5 19. Nc3 Rfe8 20. Qb7 Nc5 21. Qxe7 Rxe7 22. Bd6 Rb7 23. Rac1 Nd7 24. Nb1 Nf6 25. Be5 Nd7 26. Bd6 Nf6 27. Be5 Nd7 28. Bd6 Nf6 1/2-1/2

[Event "Nordic-ch"]
[Site "Sarpsborg"]
[Date "2019.06.26"]
[Round "8"]
[White "Nilsen, Tobias Lang"]
[Black "Stanford, Sheila Barth"]
[Result "1/2-1/2"]
[WhiteElo "1986"]
[BlackElo "2127"]
[PlyCount "62"]
[EventDate "2019.06.21"]
[EventType "swiss"]
[EventRounds "9"]
[EventCountry "NOR"]
[SourceTitle "CBM 191 Extra"]
[Source "ChessBase"]
[SourceDate "2019.09.30"]
[SourceVersion "1"]
[SourceVersionDate "2019.09.30"]
[SourceQuality "1"]

1. e4 c6 2. Nf3 g6 3. d4 d5 4. Nc3 Bg7 5. h3 dxe4 6. Nxe4 Nd7 7. Bc4 Ngf6 8. Nxf6+ Nxf6 9. 0-0 0-0 10. Re1 Qc7 11. Qe2 e6 12. c3 b6 13. Ne5 Bb7 14. Bf4 Qe7 15. Rad1 Nd5 16. Bg3 Rad8 17. Nd3 c5 18. dxc5 bxc5 19. Be5 Ba8 20. Bxg7 Kxg7 21. f3 Nb6 22. Qe5+ Qf6 23. b3 Qxe5 24. Nxe5 Bd5 25. Bxd5 exd5 26. Nd3 c4 27. Nb4 cxb3 28. axb3 Rc8 29. Nxd5 Nxd5 30. Rxd5 Rxc3 31. Rd7 Rxb3 1/2-1/2

[Event "Nordic-ch"]
[Site "Sarpsborg"]
[Date "2019.06.25"]
[Round "7"]
[White "Stanford, Sheila Barth"]
[Black "Dingertz, Erik"]
[Result "1-0"]
[WhiteElo "2127"]
[BlackElo "1969"]
[PlyCount "51"]
[EventDate "2019.06.21"]
[EventType "swiss"]
[EventRounds "9"]
[EventCountry "NOR"]
[SourceTitle "CBM 191 Extra"]
[Source "ChessBase"]
[SourceDate "2019.09.30"]
[SourceVersion "1"]
[SourceVersionDate "2019.09.30"]
[SourceQuality "1"]

1. e4 e5 2. Nf3 Nc6 3. Bc4 Bc5 4. d3 Nf6 5. Nbd2 0-0 6. 0-0 Re8 7. c3 a6 8. b4 Bf8 9. Qb3 Re7 10. a4 d6 11. Re1 Be6 12. Bxe6 Rxe6 13. d4 exd4 14. cxd4 d5 15. e5 Ne4 16. Nxe4 dxe4 17. d5 Rg6 18. Rxe4 Nxb4 19. d6 a5 20. e6 fxe6 21. Rxe6 Rxe6 22. Qxe6+ Kh8 23. Ne5 Qf6 24. Nf7+ Kg8 25. Nh6+ Kh8 26. Qg8# 1-0

[Event "Fredericia (Women)"]
[Site "Fredericia"]
[Date "2019.06.02"]
[Round "9"]
[White "Kubicka, Anna"]
[Black "Stanford, Sheila Barth"]
[Result "1/2-1/2"]
[WhiteElo "2142"]
[BlackElo "2127"]
[PlyCount "63"]
[EventDate "2019.05.29"]
[EventType "tourn"]
[EventRounds "9"]
[EventCountry "DEN"]
[SourceTitle "CBM 190 Extra"]
[Source "ChessBase"]
[SourceDate "2019.07.15"]
[SourceVersion "1"]
[SourceVersionDate "2019.07.15"]
[SourceQuality "1"]

1. e4 d5 2. exd5 Qxd5 3. Nc3 Qd8 4. d4 Nf6 5. Bc4 Bg4 6. f3 Bf5 7. Nge2 c6 8. Ng3 Bg6 9. Nce4 e6 10. Bg5 Nbd7 11. 0-0 Be7 12. Nxf6+ Bxf6 13. Bxf6 Nxf6 14. c3 Qc7 15. Qe2 Nd5 16. Bxd5 cxd5 17. Qb5+ Qd7 18. Qc5 b6 19. Qa3 h5 20. Rf2 h4 21. Ne2 Qe7 22. Qxe7+ Kxe7 23. Re1 Kd6 24. g4 hxg3 25. hxg3 Rh6 26. Rh2 Rxh2 27. Kxh2 Bd3 28. Nf4 Bc4 29. a3 a5 30. Kg2 b5 31. Ra1 Kc6 32. Nh5 1/2-1/2

[Event "Fredericia (Women)"]
[Site "Fredericia"]
[Date "2019.05.31"]
[Round "5"]
[White "Kanakova, Natalie"]
[Black "Stanford, Sheila Barth"]
[Result "1-0"]
[WhiteElo "2205"]
[BlackElo "2127"]
[PlyCount "95"]
[EventDate "2019.05.29"]
[EventType "tourn"]
[EventRounds "9"]
[EventCountry "DEN"]
[SourceTitle "CBM 190 Extra"]
[Source "ChessBase"]
[SourceDate "2019.07.15"]
[SourceVersion "1"]
[SourceVersionDate "2019.07.15"]
[SourceQuality "1"]

1. c4 c5 2. Nc3 Nc6 3. g3 Nf6 4. Bg2 e5 5. Nf3 Be7 6. 0-0 0-0 7. Ne1 Rb8 8. Nc2 Nd4 9. Ne3 b5 10. d3 h6 11. b3 d6 12. Bb2 Be6 13. Qd2 Qd7 14. Ned5 Nxd5 15. Nxd5 Bd8 16. e3 Nc6 17. f4 Bh3 18. Rf2 Bxg2 19. Rxg2 Re8 20. Rf1 Ba5 21. Qe2 Nb4 22. Nc3 a6 23. Ba1 f5 24. g4 Rf8 25. g5 Qe6 26. a3 Nc6 27. Nd5 hxg5 28. Rxg5 Bd8 29. Rg3 bxc4 30. bxc4 Ne7 31. Qg2 Rf7 32. Kh1 Nxd5 33. cxd5 Qe8 34. Rg1 Bf6 35. Rg6 Kf8 36. Qh3 Rb3 37. Qxf5 Rxa3 38. Qh5 Rb3 39. Qh7 Qb5 40. fxe5 dxe5 41. Bxe5 Qd7 42. d6 Qb7+ 43. e4 Ke8 44. Qg8+ Rf8 45. Qe6+ Kd8 46. Bxf6+ gxf6 47. Rg8 Qc8 48. Rxf8# 1-0

[Event "Fredericia (Women)"]
[Site "Fredericia"]
[Date "2019.05.31"]
[Round "4"]
[White "Stanford, Sheila Barth"]
[Black "Stolberg Rohr, Thomine"]
[Result "1-0"]
[WhiteElo "2127"]
[BlackElo "2025"]
[PlyCount "75"]
[EventDate "2019.05.29"]
[EventType "tourn"]
[EventRounds "9"]
[EventCountry "DEN"]
[SourceTitle "CBM 190 Extra"]
[Source "ChessBase"]
[SourceDate "2019.07.15"]
[SourceVersion "1"]
[SourceVersionDate "2019.07.15"]
[SourceQuality "1"]

1. d4 Nf6 2. Bf4 d5 3. e3 c5 4. Nf3 Nc6 5. c3 Qb6 6. Qc1 Bf5 7. Be2 h6 8. h3 e6 9. 0-0 Be7 10. Nbd2 g5 11. Be5 Rg8 12. dxc5 Qxc5 13. Nb3 Qb6 14. Nbd4 g4 15. hxg4 Bxg4 16. Nxc6 bxc6 17. Re1 Ne4 18. Nd2 Bh3 19. Bf3 Ng5 20. Bg3 Bf5 21. b4 Rd8 22. Kh1 h5 23. Be5 h4 24. Bh5 Kf8 25. Qa3 f6 26. Bd4 c5 27. Bxc5 Bxc5 28. bxc5 Qc7 29. c6+ Kg7 30. Qa4 Rh8 31. Bg4 h3 32. g3 Ne4 33. Nxe4 Bxe4+ 34. f3 Bd3 35. Bxe6 Rd6 36. Qg4+ Kf8 37. Qf4 Ke7 38. Bxd5 1-0

[Event "Ski Follosjakken Grand Prix 4 A"]
[Site "Ski"]
[Date "2018.10.13"]
[Round "6"]
[White "Stanford, Sheila Barth"]
[Black "Stanford, Maxim Barth"]
[Result "0-1"]
[WhiteElo "2164"]
[BlackElo "2299"]
[PlyCount "44"]
[EventDate "2018.10.13"]
[EventType "swiss (rapid)"]
[EventRounds "6"]
[EventCountry "NOR"]
[SourceTitle "EXT 2024"]
[Source "ChessBase"]
[SourceDate "2023.10.10"]
[SourceVersion "1"]
[SourceVersionDate "2023.10.10"]
[SourceQuality "1"]

1. e4 c6 2. f4 d5 3. e5 g6 4. Be2 h5 5. d3 Nh6 6. Be3 Bg4 7. c3 Nf5 8. Bf2 Bxe2 9. Nxe2 e6 10. Nd2 c5 11. Nf3 Nc6 12. Qd2 Be7 13. g3 b5 14. h3 a5 15. a4 b4 16. cxb4 axb4 17. Rc1 d4 18. Qc2 Qd5 19. 0-0 Qxf3 20. Bxd4 Nfxd4 21. Rxf3 Nxc2 22. Rxc2 Rxa4 0-1

[Event "Olympiad Women-43"]
[Site "Batumi"]
[Date "2018.09.24"]
[Round "1.49"]
[White "Sara, Gadalla Karar"]
[Black "Stanford, Sheila Barth"]
[Result "0-1"]
[WhiteElo "1446"]
[BlackElo "2136"]
[PlyCount "52"]
[EventDate "2018.09.24"]
[EventType "team-swiss"]
[EventRounds "11"]
[EventCountry "GEO"]
[SourceTitle "EXT 2020"]
[Source "ChessBase"]
[SourceDate "2019.10.17"]
[SourceVersion "1"]
[SourceVersionDate "2019.10.17"]
[SourceQuality "1"]
[WhiteTeam "Sudan (W)"]
[BlackTeam "Norway (W)"]
[WhiteTeamCountry "SUD"]
[BlackTeamCountry "NOR"]

1. d4 d5 2. Bf4 Nf6 3. Nf3 c5 4. Nc3 Nc6 5. e3 a6 6. dxc5 e6 7. Qd2 Bxc5 8. a3 0-0 9. Bd3 Re8 10. Ne5 Nd7 11. Nxc6 bxc6 12. b4 Bf8 13. h4 e5 14. Bg3 Nb6 15. e4 Ra7 16. 0-0-0 d4 17. Na2 Be6 18. Kb1 a5 19. h5 Bxa2+ 20. Kxa2 axb4 21. Rb1 Rxa3+ 22. Kb2 Na4+ 23. Kc1 Nc3 24. Kb2 Ra2+ 25. Kc1 Nxb1 26. Kxb1 Qa5 0-1